| 000 | 00813nas a2200265 4500 | ||
|---|---|---|---|
| 001 | BR0905412 | ||
| 003 | BR-BrBNA | ||
| 005 | 20231205113655.0 | ||
| 007 | ta | ||
| 008 | 230509b bl.|||p| |||| 00| 00por d | ||
| 040 |
_aBR-BrBNA _bpor _cBiblioteca Nacional de Agricultura |
||
| 041 | _a(Pt) | ||
| 072 | _aL70 | ||
| 100 | 1 | _aGasparini, S.S. | |
| 100 | 1 | _aLuna, S.P.L. | |
| 100 | 1 | _aCassu, R.N. | |
| 100 | 1 | _aBiasi, F. de | |
| 245 | 1 | _aAnestesia intravenosa total utilizando propofol ou propofol/cetamina em cadelas submetidas à ovariossalpingohisterectomia | |
| 650 | _aCÃO | ||
| 650 | _aANESTESIA | ||
| 650 | _aVETERINÁRIA | ||
| 773 | 0 |
_tCiência Rural (Brazil) _xISSN 0103-8478 _g(Aug 2009), v. 39(5) p. 1438-1444 _wBR0905412 |
|
| 909 |
_a202311 _bLúcia _c55 _dLúcia Elande |
||
| 942 |
_2AGRIS _n0 _cANA |
||
| 999 |
_c205002 _d205002 |
||